Are They Really “Prompt (พร้อม - ready)” to Continue? The Mystery of Continuous Usage Intention Through Perceived Trust Among People in Bangkok

Cieľom tejto štúdie je preskúmať vplyv vnímanej dôvery na spokojnosť a emocionálnu angažovanosť používateľov služby PromptPay v Bangkoku, ako aj analyzovať následný vplyv na zámer pokračujúceho používania. Okrem toho tiež skúmame, či možno vplyv spokojnosti a emocionálnej angažovanosti na zámer pokr...

Ausführliche Beschreibung

Gespeichert in:
Bibliographische Detailangaben
1. Verfasser: Arthachinda, Panisa
Weitere Verfasser: Čaplánová, Anetta, 1967-, Darmo, Ľubomír, 1984-
Format: Buchkapitel
Sprache:Englisch
Schlagworte:
Tags: Tag hinzufügen
Keine Tags, Fügen Sie das erste Tag hinzu!

MARC

LEADER 00000naa$a2200000$$$4500
001 0303107
005 20260126100517.4
041 0 |a eng 
044 |a SK 
245 1 0 |a Are They Really “Prompt (พร้อม - ready)” to Continue? The Mystery of Continuous Usage Intention Through Perceived Trust Among People in Bangkok  |c Panisa Arthachinda, Anetta Čaplánová, Ľubomír Darmo 
500 |a abstrakt 
520 |a Cieľom tejto štúdie je preskúmať vplyv vnímanej dôvery na spokojnosť a emocionálnu angažovanosť používateľov služby PromptPay v Bangkoku, ako aj analyzovať následný vplyv na zámer pokračujúceho používania. Okrem toho tiež skúmame, či možno vplyv spokojnosti a emocionálnej angažovanosti na zámer pokračujúceho používania zmierniť zmenou bariérových faktorov. Údaje z prieskumu sa plánujú získať od respondentov žijúcich v Bangkoku. 
610 2 0 |a platby elektronické 
610 2 0 |a dôvera 
610 2 0 |a Thajsko 
100 1 |a Arthachinda, Panisa 
700 1 |a Čaplánová, Anetta, 1967- 
700 1 |a Darmo, Ľubomír, 1984-